000 00724nac a22001691u 4500
020 _a1418836397
082 _a005.133
_bM2512
090 _c361
_d361
100 _aMalik, D.S.
245 _aC++ programming:
_bFrom problem analysis to program design/
_cD.S. Malik
250 _a3rd ed.
260 _aAustralia
_bThomson
_c2007
650 _aC++ (Computer program language)
942 _cBB
_k005.133M2512
999 _c361
_d361